| 000 | 01571cam a22003611i 4500 | ||
|---|---|---|---|
| 003 | SA-RiAUC | ||
| 005 | 20251005123545.0 | ||
| 008 | 251002s1976 mr g b 00100cara c | ||
| 040 |
_aSA-RiAUC _bara _cSA-RiAUC _erda |
||
| 082 | 0 | 4 |
_a920 _qSA-RiAUC |
| 090 |
_a920 _bا ل ف |
||
| 245 | 0 | 0 |
_aألف سنة من الوفيات في ثلاث كتب / _cتحقيق محمد حجي. |
| 246 | 3 | _a1000 سنة من الوفيات في ثلاث كتب | |
| 264 | 1 |
_aالرباط : _bمطبوعات دار المغرب للتأليف والترجمة والنشر، _c1976 |
|
| 300 |
_a390 صفحة ؛ _c25 سم. |
||
| 336 |
_aنص _btxt _2rdacontent _3كتاب |
||
| 337 |
_aبدون وسيط _bn _2rdamedia |
||
| 338 |
_aمجلد _bnc _2rdacarrier |
||
| 490 | 1 |
_aسلسلة التراجم (الرباط) ؛ _v2 |
|
| 500 | _aكشافات : صفحة 333-388. | ||
| 504 | _aببليوجرافية : صفحة 389-390. | ||
| 650 | 7 |
_aتراجم _2aucsh |
|
| 700 | 1 |
_aحجي، محمد، _d1923-2004 _eمحقق. |
|
| 700 | 1 | 2 |
_aالونشريسي، أحمد بن يحيى بن محمد، _d834-914 هجري |
| 700 | 1 | 2 |
_aبن قنفذ، أحمد بن حسين بن علي، _d740-810 هجري |
| 700 | 1 | 2 |
_aابن القاضي، أحمد بن محمد بن محمد، _d960-1025 هجري |
| 740 | 0 | 2 | _aوفيات الونشريسي. |
| 740 | 2 | 2 | _aالوفيات. |
| 740 | 0 | 2 | _aلقط الفرائد من لفاظة حقق الفوائد. |
| 830 | 0 |
_aسلسلة التراجم (الرباط) _v2 |
|
| 942 |
_2ddc _cBOOK _n0 |
||
| 949 |
_aSA-JeALM _d251002 _umohamedma123 _n1 |
||
| 999 |
_c12391 _d12391 |
||